Behörden-Verzeichnis Baden-Württemberg / 111 2000
| Medienart: | Druck Buch |
|---|---|
| Sprache: | Deutsch |
| Veröffentlicht: |
2000
|
| In: |
Behörden-Verzeichnis Baden-Württemberg zsgest. nach amtl. Unterlagen d. staatl. u. kommunalen Behörden
Jahr: 2000 |
| Bestand in Tübingen: | In Tübingen vorhanden. IFK: X I 12 |
| Verfügbarkeit prüfen: | HBZ Gateway |
| Subito Bestelldienst: | Jetzt bestellen. |
MARC
| LEADER | 00000cam a2200000 cc4500 | ||
|---|---|---|---|
| 001 | 1153189143 | ||
| 003 | DE-627 | ||
| 005 | 20220518133802.0 | ||
| 007 | tu | ||
| 008 | 000207s2000 xx ||||| 00| ||ger c | ||
| 020 | |a 3933875056 |9 3-933875-05-6 | ||
| 035 | |a (DE-627)1153189143 | ||
| 035 | |a (DE-576)083189149 | ||
| 035 | |a (DE-599)BSZ083189149 | ||
| 040 | |a DE-627 |b ger |c DE-627 |e rakwb | ||
| 041 | |a ger | ||
| 245 | 0 | 0 | |a Behörden-Verzeichnis Baden-Württemberg |n 111 |p 2000 |
| 264 | 1 | |c 2000 | |
| 336 | |a Text |b txt |2 rdacontent | ||
| 337 | |a ohne Hilfsmittel zu benutzen |b n |2 rdamedia | ||
| 338 | |a Band |b nc |2 rdacarrier | ||
| 773 | 1 | 8 | |a Behörden-Verzeichnis Baden-Württemberg zsgest. nach amtl. Unterlagen d. staatl. u. kommunalen Behörden |w (DE-627)12994436X |w (DE-576)015511928 |w (DE-600)395544-8 |x 0342-9652 |g 111 |q 2000,111 |7 nnas |
| 935 | |h SWB |i vSatz | ||
| 951 | |a JV | ||
| ELC | |b 1 | ||
| LOK | |0 000 xxxxxcx a22 zn 4500 | ||
| LOK | |0 001 237281057X | ||
| LOK | |0 003 DE-627 | ||
| LOK | |0 004 1153189143 | ||
| LOK | |0 005 20011130000000 | ||
| LOK | |0 008 011130||||||||||||||||ger||||||| | ||
| LOK | |0 040 |a DE-21-110 |c DE-627 |d DE-21-110 | ||
| LOK | |0 852 |a DE-21-110 | ||
| LOK | |0 852 1 |c X I 12 |m p |9 00 | ||
| LOK | |0 935 |a k110 | ||
| LOK | |0 938 |k p | ||
| LOK | |0 939 |a 30-11-01 |b l01 | ||
| ORI | |a SA-MARC-krimdoka001.raw | ||
| SIG | |a IFK: X I 12 | ||
